La bete humaine

שמור ב:
מידע ביבליוגרפי
מחבר ראשי: Zola, Émile
פורמט: ספר
שפה:Undetermined
יצא לאור: Bélgica CLE International 1996
נושאים:
תגים: הוספת תג
אין תגיות, היה/י הראשונ/ה לתייג את הרשומה!

MARC

LEADER 00000nam a2200000Ia 4500
008 170316s9999 xx 000 0 und d
040 |a cru BVZT 
090 |a 840 Z-1b 
100 |a Zola, Émile 
245 |a La bete humaine 
260 |a Bélgica 
260 |b CLE International 
260 |c 1996 
300 |a 64 páginas 
650 |a LITERATURA FRANCESA 
650 |a LECTURES CLE EN FRANÇAIS FACILE (LECTURA FÁCIL) 
999 |c 8077  |d 8077 
942 |c 15 D  |h 840 Z-1b  |2 z